Quizzes
Events
Quiz Creation
Community
Videos
Private Events
Remove Ads
Sign In
Join for FREE
Feedback
Dark Mode
Quiz Categories
Sports
Geography
Music
Movies
Television
Just For Fun
Miscellaneous
History
Literature
Language
Science
Gaming
Entertainment
Religion
Holiday
For Kids
Quiz Lab
Recent
Popular Today
Quiz Kudos Today
Editor Picks
Curator Picks
Quizzes by...
Day
Popularity
Type
Ratings
Length
Year
Community
Subscriptions
Recent Discussions
Orange Saloon
Badges
Playlists
Quests
Create
Leaderboards
Showdown
Live 5
Trivia Bingo
Activity
Puzzle Library
Sporcle Events
Private Events
Virtual Trivia
Globe League
Become a Host
Pub Owners
SporcleCon
Opinionation
Our Games
Videos
Blog
Mobile Apps
Partnerships
Remove Ads and Go Orange
Feedback
Sports
Athletes
MLB
NBA
NHL
NFL
Soccer
Sports Teams
WWE
NCAA
Football
Premier League
Basketball
Baseball
Hockey
Golf
Tennis
Cricket
Rugby
Auto Racing
Olympics
World Cup
Sports
Athletes
MLB
NBA
NHL
NFL
Soccer
Sports Teams
WWE
NCAA
Football
Premier League
Basketball
Baseball
Hockey
Golf
Tennis
Cricket
Rugby
Auto Racing
Olympics
World Cup
Random Quiz
Search Sporcle
×
Quiz Lab
Quiz Lab
Sports
Indiana
Type in answers that appear in a list
Type in answers that appear in a list
Classic
Best Score? Go Orange.
1981 Indiana Hoosiers Stats
Can you name the 1981 Indiana Hoosiers?
By
celticsfan431
10m
14 Questions
57 Plays
57 Plays
57 Plays
Comments
Comments
Give Quiz Kudos
Give Quiz Kudos
-
- Ratings
hide this ad
More Info
Replay
Link that replays current quiz
Next Quiz
Link to next quiz in quiz playlist
You Got
0%
They Got
Avg Score
46%
Avg Friend Score
Upgrade to see
Score Distribution
Jump to the score distribution portion of the page
Score
0/14
Timer
10:00
0
Plays Today
Year and Position
Player
% Correct
Sophomore-
Guard
Isiah Thomas
100%
Sophomore-
Guard
Jim Thomas
98.2%
Junior-
Center
Landon Turner
78.9%
Sophomore-
Guard
Randy Wittman
68.4%
Sophomore-
Forward
Ted Kitchel
63.2%
Senior-
Forward
Ray Tolbert
63.2%
Sophomore-
Forward
Steve Bouchie
42.1%
Year and Position
Player
% Correct
Sophomore-
Guard
Chuck Franz
38.6%
Sophomore-
Guard
Tony Brown
29.8%
Senior-
Forward
Steve Risley
24.6%
Senior-
Forward
Glen Grunwald
21.1%
Senior-
Forward
Phil Isenbarger
15.8%
Freshman-
Forward
Mike LaFave
8.8%
Freshman-
Guard
Craig Bardo
1.8%
Quiz Playlist
Details
Report
Send in Message
Add To Playlist
More Info:
This was a great team.
Classic:
Type in answers that appear in a list
Last Updated: Feb 16, 2017
Quiz Scoreboard
CHALLENGE
Sign Up to Join the Scoreboard
Show All
Scores
Hide
Comments
May contain spoilers
Recently Published
TV Characters by Other Roles V
by ghcgh
Television
5m
Decade Duel: World Leaders
by jenniferyan
History
4m
Alphabetical 'K' Countries by Flag Minefield
by ylime102
Geography
3m
More to Explore
Quiz From the Vault
Featured Blog Post
15 Basketball Trivia Facts You Can Be March Mad About
hide this ad
You Might Also Like...
Tags
1981
Hometown
Hoosier
Indiana
Player
Today's Top Quizzes in Sports
Browse Sports
hide this ad
Today's Top Quizzes in Indiana
Browse Indiana
Top Contributed Quizzes in Sports
1
Les joueurs à 100 buts en Ligue 1 Uber Eats
2
2022 World Cup Stars
3
Pick 6: NFL Teams
4
MLB 2 truths and a lie: Hall of Fame pitchers
5
Pick 6: Minor League Baseball
6
Millionaire: NBA Finals Edition
7
Pick 6: Olympics
8
Click the 1998 NBA Draft
9
Criteria MLB: Left Handed Sluggers
10
NBA Logic Puzzle 2.0
Explore More
Trending Topics
Kpop
Harry Potter
Disney
NBA
Anime
Marvel
Crossword
The Office
Pokémon
Country
Song
Puzzle
NFL
WWE
Soccer
hide this ad
More By:
celticsfan431
Quiz
Plays
Rating
Category
Featured
Created
42 Batman Villains
442
3.00
Miscellaneous
Jan 11, 2012
Top 10 All-Time Seattle Seahawks Passing Leaders
185
Sports
Jan 15, 2012
Boston Celtics: Top 20 Scorers of the Rick Pitino Era
71
Sports
Jan 14, 2012
2008 Boston Celtics Roster
66
Sports
Jan 11, 2012
1981 Indiana Hoosiers
57
Sports
Jan 15, 2012
Go to Creator's Profile
Score Distribution
Quiz Creator Spotlight
celticsfan431
Follow
Send a Message
Quizzes Created
-
Created Quiz Play Count
-
More By This Creator
Popular Quizzes Today
1
Countries of Asia Without Outlines Minefield
2
Find the US States - No Outlines Minefield
3
Pick 6: Fruits
4
The Countries of the World
5
Alphabetical 'K' Countries by Flag Minefield
6
Find the Countries of Europe - No Outlines Minefield
7
US States
8
Find the US States
More Sports Quizzes
MLB National League MVP Runners-Up (1960s)
Quiz Lab
Trending Quizzes
Pick 6: Mountains
Pick 6: Harry Potter
Pick 6: Flags
Pick 6: NFL Teams
Pick 6: Movie Franchises
Recently Updated
Adaptations: Name the Title
pecheneg
NWSL Teams
pecheneg
Women's Final Four Teams by Year
bhenderson79
Presidents Quartet II
eogle
Anything But Clue(do)
eogle
Anything But Oceanian Capitals
eogle
Anything But 7
eogle
Anything But Thing
eogle
Word Ladder: February 29
pecheneg
Song Title Questions
pecheneg
Trending Topics
Crossword
Disney
NBA
Marvel
Anime
Harry Potter
Kpop
Pokémon
Song
NFL
Puzzle
Soccer
Country
WWE
The Office
Your Account Isn't Verified!
In order to create a playlist on Sporcle, you need to verify the email address you used during registration. Go to your
Sporcle Settings
to finish the process.
Report this User
Report this user for behavior that violates our
Community Guidelines
.
Details:
Send Report
Go to the Sporcle.com Mobile Site →
Comments